| 000 | 01430nam a2200277 i 4500 | ||
|---|---|---|---|
| 001 | bg | ||
| 245 | 0 | 0 |
_aLandscape diversity : _ba chance for the rural community to achieve a sustainable future : 2nd Pan-European Seminar on Rural Landscapes, Poznań (Poland) 25-30 September 1995 / _ced. by Lech Ryszkowski, Geoffrey Pearson and Stanisław Bałazy. |
| 260 |
_aPoznań : _bResearch Center for Agricultural and Forest Environment of the Polish Academy of Sciences : _b"Bonami", _c1996. |
||
| 300 |
_a223 s., [8] s. fot. kolor. : _bmapy, rys., wykr. ; _c24 cm. |
||
| 504 | _aBibliogr. przy ref. | ||
| 650 | 9 |
_aKrajobraz _xochrona _zEuropa Środkowo-Wschodnia _yod 1989 r. |
|
| 650 | 9 |
_aRolnictwo _xpolityka _zEuropa Środkowo-Wschodnia _yod 1989 r. |
|
| 650 | 9 |
_aŚrodowisko człowieka _xhigiena i ochrona _zEuropa Środkowo-Wschodnia _yod 1989 r. |
|
| 655 | _aMateriały konferencyjne | ||
| 700 | 1 |
_aRYSZKOWSKI, Lech _d(1931- ). _erd |
|
| 700 | 1 |
_aPEARSON, Geoffrey. _erd |
|
| 700 | 1 |
_aBAŁAZY, Stanisław. _erd |
|
| 020 | _a8385274200 ("Bonami") | ||
| 040 | _cBPK | ||
| 041 | 0 | _aeng | |
| 080 | _a338.43:631.95:502.6:504](4-191.2-11)"1989/..."(061) | ||
| 920 | _a83-85274-20-0 ("Bonami") | ||
| 942 | _cKS | ||
| 008 | s pl f |000 0 pol | ||
| 999 |
_c42896 _d42896 |
||
| 856 |
_uhttp://koha.tu.koszalin.pl/cgi-bin/koha/opac-detail.pl?biblionumber=42896 _yKatalog online BPK |
||